[Event "First Saturday Tournament Budapest FM-B "]
[Site "Budapest"]
[Date "2010.04.03"]
[Round "1.2"]
[White "Toth, Antal"]
[Black "Arvanitakis, Panagiotis"]
[Result "1/2-1/2"]
[WhiteElo "1664"]
[BlackElo "1468"]
[PlyCount "111"]
[EventDate "2010.04.03"]

1. e4 d5 2. exd5 Nf6 3. Bb5+ Nbd7 4. Nc3 a6 5. Be2 b5 6. a3 Bb7 7. d4 g6 8. Nf3
Bg7 9. O-O O-O 10. Bf4 Nb6 11. Be5 Nfxd5 12. Nxd5 Nxd5 13. Bxg7 Kxg7 14. Qd2
Qd6 15. g3 c5 16. dxc5 Qxc5 17. Qd4+ Qxd4 18. Nxd4 Rac8 19. Rfc1 Rfd8 20. Nb3
Nb6 21. Na5 Be4 22. c4 bxc4 23. Nxc4 Nxc4 24. Rxc4 Rxc4 25. Bxc4 a5 26. Re1 Bb7
27. f4 e6 28. Kf2 Rd4 29. Bb5 Bd5 30. Ke3 Re4+ 31. Kd2 Rxe1 32. Kxe1 Bb3 33.
Kd2 Kf6 34. a4 e5 35. Kc3 Ba2 36. fxe5+ Kxe5 37. Bd3 Bd5 38. Bc4 Bc6 39. Bxf7
Bxa4 40. Kc4 Kd6 41. Kd4 Bb5 42. Bc4 Bxc4 43. Kxc4 Kc6 44. h4 h6 45. g4 g5 46.
hxg5 hxg5 47. b3 Kb6 48. Kd4 Kb5 49. Kc3 Kc5 50. Kd3 Kb4 51. Kc2 Kb5 52. Kd3
Kb4 53. Kc2 Ka3 54. Kc3 Ka2 55. Kc2 Ka3 56. Kc3 1/2-1/2

[Event "First Saturday Tournament Budapest FM-B "]
[Site "Budapest"]
[Date "2010.04.03"]
[Round "1.3"]
[White "Pataki, Zemplen"]
[Black "Juhasz, Armin"]
[Result "1-0"]
[WhiteElo "1749"]
[BlackElo "1877"]
[PlyCount "61"]
[EventDate "2010.04.03"]

1. e4 c6 2. d4 d5 3. exd5 cxd5 4. Bd3 Nc6 5. c3 Nf6 6. Bf4 Bg4 7. Qb3 Qd7 8.
Nd2 e6 9. Ngf3 Bxf3 10. Nxf3 Bd6 11. Bxd6 Qxd6 12. O-O O-O 13. Rae1 a6 14. Ne5
b5 15. f4 g6 16. Qd1 b4 17. Ng4 Nh5 18. f5 bxc3 19. bxc3 Nf4 20. f6 Rfb8 21.
Bc2 Rb7 22. Qd2 Nh5 23. Nh6+ Kh8 24. g4 Ng3 25. hxg3 Qxg3+ 26. Kh1 Qh3+ 27. Qh2
Qxc3 28. Nxf7+ Rxf7 29. Bxg6 Rfa7 30. f7 Kg7 31. f8=Q+ 1-0

[Event "First Saturday Tournament Budapest FM-B "]
[Site "Budapest"]
[Date "2010.04.04"]
[Round "2.2"]
[White "Arvanitakis, Panagiotis"]
[Black "Pataki, Zemplen"]
[Result "0-1"]
[WhiteElo "1468"]
[BlackElo "1749"]
[PlyCount "94"]
[EventDate "2010.04.03"]

1. d3 c5 2. f4 d5 3. Nf3 Nc6 4. e3 Nf6 5. Be2 e6 6. O-O Bd6 7. Nc3 a6 8. e4 Bc7
9. Qe1 O-O 10. a4 b6 11. Bd1 Bb7 12. Qh4 dxe4 13. dxe4 Nd4 14. e5 Nf5 15. Qh3
Nd5 16. Ng5 h6 17. g4 Nxc3 18. Qxc3 hxg5 19. gxf5 exf5 20. fxg5 Re8 21. Bf3
Bxe5 22. Qb3 Bxf3 23. Qxf3 Qd4+ 24. Rf2 Qh4 25. c3 Rad8 26. Bf4 Bxf4 27. Qxf4
Qxf4 28. Rxf4 Rd2 29. Rxf5 Rxb2 30. a5 Ree2 31. axb6 Rg2+ 32. Kf1 Rxh2 33. Kg1
Rhc2 34. Rxa6 Rxc3 35. Rf2 Rc1+ 36. Kg2 Rb4 37. Ra8+ Kh7 38. Rxf7 Rc2+ 39. Kf3
Rc3+ 40. Ke2 Rxb6 41. Kd2 Rg3 42. Rf5 Rb2+ 43. Kc1 Rh2 44. Rd8 Ra3 45. Kb1 c4
46. Rd6 c3 47. Rc6 Rb2+ 0-1

[Event "First Saturday Tournament Budapest FM-B "]
[Site "Budapest"]
[Date "2010.04.04"]
[Round "2.3"]
[White "Csetneki, Mark"]
[Black "Toth, Antal"]
[Result "1/2-1/2"]
[WhiteElo "1536"]
[BlackElo "1664"]
[PlyCount "70"]
[EventDate "2010.04.03"]

1. d4 d5 2. c4 c6 3. Nf3 e6 4. e3 Nf6 5. Nbd2 Nbd7 6. Bd3 Bd6 7. O-O O-O 8. e4
dxe4 9. Nxe4 Nxe4 10. Bxe4 Nf6 11. Bc2 h6 12. Re1 Re8 13. h3 b6 14. a3 Bb7 15.
b3 c5 16. dxc5 Bxc5 17. Qe2 Qc7 18. Bb2 Be7 19. Rad1 Rad8 20. Rxd8 Rxd8 21. Rd1
Rxd1+ 22. Qxd1 Qd7 23. Qxd7 Nxd7 24. Nd2 Bf6 25. Bxf6 Nxf6 26. Kf1 Kf8 27. g3
Ke7 28. Ke2 g5 29. Ke3 Nd7 30. b4 f5 31. f4 Kf6 32. Ba4 Nf8 33. c5 e5 34. fxe5+
Kxe5 35. cxb6 axb6 1/2-1/2

[Event "First Saturday Tournament Budapest FM-B "]
[Site "Budapest"]
[Date "2010.04.05"]
[Round "3.2"]
[White "Pataki, Zemplen"]
[Black "Csetneki, Mark"]
[Result "1/2-1/2"]
[WhiteElo "1749"]
[BlackElo "1536"]
[PlyCount "80"]
[EventDate "2010.04.03"]

1. e4 c5 2. d4 cxd4 3. c3 dxc3 4. Nxc3 Nc6 5. Nf3 d6 6. Bc4 e6 7. O-O Be7 8.
Qe2 a6 9. Rd1 Bd7 10. Bf4 e5 11. Bg3 Nf6 12. a4 O-O 13. Rac1 Rc8 14. Nh4 Nd4
15. Qd3 Qa5 16. Bd5 Rc7 17. Ra1 Qb4 18. Rd2 Rfc8 19. Nf3 Nb3 20. Bxb3 Qxb3 21.
h3 Qc4 22. Ne1 h6 23. f3 Nh5 24. Bf2 Nf4 25. Qxc4 Rxc4 26. Nd3 Nxd3 27. Rxd3
Be6 28. a5 Rb4 29. Rb1 f5 30. g4 f4 31. Bb6 Bb3 32. Rc1 Ba4 33. Rd2 Kf7 34. Ra1
Bb3 35. Kg2 Be6 36. Ra4 Rb3 37. Nd5 Bxd5 38. exd5 Rc1 39. Re4 Rb1 40. Ree2 g5
1/2-1/2

[Event "First Saturday Tournament Budapest FM-B "]
[Site "Budapest"]
[Date "2010.04.05"]
[Round "3.3"]
[White "Juhasz, Armin"]
[Black "Arvanitakis, Panagiotis"]
[Result "1-0"]
[WhiteElo "1877"]
[BlackElo "1468"]
[PlyCount "25"]
[EventDate "2010.04.03"]

1. d4 f5 2. e4 d6 3. exf5 Bxf5 4. c3 Nc6 5. Qb3 Rb8 6. Bc4 Bg6 7. Bxg8 Na5 8.
Qe6 Rxg8 9. Qxg8 Qd7 10. Qd5 b6 11. Ne2 c6 12. Qf3 Qe6 13. Nd2 1-0

[Event "First Saturday Tournament Budapest FM-B "]
[Site "Budapest"]
[Date "2010.04.06"]
[Round "4.2"]
[White "Csetneki, Mark"]
[Black "Juhasz, Armin"]
[Result "0-1"]
[WhiteElo "1536"]
[BlackElo "1877"]
[PlyCount "97"]
[EventDate "2010.04.03"]

1. e4 c5 2. Nf3 g6 3. d4 cxd4 4. Nxd4 Nc6 5. Nc3 Bg7 6. Be3 Nf6 7. Bc4 Qa5 8.
f3 Qb4 9. Bb3 Nxe4 10. Nxc6 Bxc3+ 11. bxc3 Qxc3+ 12. Ke2 dxc6 13. Bd4 e5 14.
Bxc3 Nxc3+ 15. Kf2 Nxd1+ 16. Raxd1 O-O 17. Rhe1 Re8 18. Re3 a5 19. a3 a4 20.
Ba2 Bf5 21. Rb1 Re7 22. Rb2 Rd8 23. c3 g5 24. g4 Bg6 25. Rbe2 Rde8 26. Kg3 Kg7
27. h3 f6 28. h4 h6 29. h5 Bh7 30. Rd2 Rc8 31. Rd6 Rce8 32. Rd2 f5 33. gxf5
Bxf5 34. Rde2 Kf6 35. Rd2 Rd7 36. Rxd7 Bxd7 37. Rd3 Ke7 38. Re3 Kd6 39. Rd3+
Kc7 40. Bf7 Re7 41. Bg6 Kb6 42. Rd6 Kc5 43. Rf6 Kc4 44. Be4 Re6 45. Rf7 Rd6 46.
Rh7 Kb3 47. Bg6 Kxa3 48. Rxh6 Bf5 49. Rh8 0-1

[Event "First Saturday Tournament Budapest FM-B "]
[Site "Budapest"]
[Date "2010.04.06"]
[Round "4.3"]
[White "Toth, Antal"]
[Black "Pataki, Zemplen"]
[Result "0-1"]
[WhiteElo "1664"]
[BlackElo "1749"]
[PlyCount "120"]
[EventDate "2010.04.03"]

1. e4 c5 2. Nf3 Nc6 3. d4 cxd4 4. Nxd4 e5 5. Nb5 d6 6. N1c3 a6 7. Na3 b5 8. Nd5
Nge7 9. Bg5 h6 10. Nxe7 Bxe7 11. Be3 Be6 12. c4 b4 13. Nc2 O-O 14. b3 a5 15.
Be2 Rc8 16. O-O f5 17. f3 f4 18. Bf2 Qe8 19. Kh1 h5 20. g3 fxg3 21. Bxg3 h4 22.
Bf2 Rf7 23. Ne1 Qf8 24. Rg1 Kh8 25. Qd2 Nb8 26. Rg6 Bd7 27. Be3 Rf6 28. Rg1 Qf7
29. Bf2 Rh6 30. Nd3 Rg8 31. Be3 Rg6 32. f4 Bc6 33. Bf3 exf4 34. Nxf4 Rxg1+ 35.
Rxg1 g5 36. Rg4 gxf4 37. Rxf4 Qe6 38. Bd4+ Kh7 39. Qd3 Bg5 40. Rg4 Rg6 41. Bf2
Qe7 42. Be3 Bxe3 43. Rxg6 Kxg6 44. e5+ Kg7 45. Bxc6 Nxc6 46. Qxe3 Qxe5 47. Qd2
h3 48. Kg1 Qd4+ 49. Qxd4+ Nxd4 50. Kf2 Ne6 51. Kg3 Ng5 52. Kg4 Kg6 53. Kf4 Kh5
54. Kg3 Ne4+ 55. Kxh3 Nc3 56. Kg3 Nxa2 57. Kf3 Nc1 58. Ke3 Nxb3 59. Kd3 a4 60.
Kc2 Na5 0-1

[Event "First Saturday Tournament Budapest FM-B "]
[Site "Budapest"]
[Date "2010.04.07"]
[Round "5.2"]
[White "Juhasz, Armin"]
[Black "Toth, Antal"]
[Result "1-0"]
[WhiteElo "1877"]
[BlackElo "1664"]
[PlyCount "161"]
[EventDate "2010.04.03"]

1. d4 d5 2. c4 c6 3. cxd5 cxd5 4. Nc3 e6 5. Bf4 Bd7 6. e3 a6 7. Bd3 Nc6 8. Nf3
h6 9. O-O Nf6 10. h3 Be7 11. a3 Rc8 12. Na4 O-O 13. b4 Na7 14. Nc5 Bxc5 15.
bxc5 Bc6 16. Qb3 Re8 17. Ne5 Re7 18. Rab1 Bb5 19. Bxb5 axb5 20. Nd3 Ne4 21. Rb2
Qa5 22. Qb4 Qxb4 23. Rxb4 Nd2 24. Ra1 Rc6 25. Bb8 Ra6 26. Bxa7 Rxa7 27. Rxb5
Nc4 28. a4 Na5 29. Kf1 Rc7 30. Ke2 Kf8 31. f4 f6 32. g4 g6 33. h4 Ke7 34. g5 h5
35. gxf6+ Kxf6 36. Ne5 Rg7 37. Rb6 Rc7 38. Kf3 Kf5 39. Ra2 Rg7 40. Rg2 Kf6 41.
e4 dxe4+ 42. Kxe4 Nc6 43. Nxc6 bxc6 44. Ra2 Rgc7 45. a5 Ra8 46. a6 Raa7 47. Rb8
Kf7 48. Ke5 Rd7 49. Rc8 Rd5+ 50. Ke4 Rad7 51. Ra4 Ra7 52. Rxc6 Rdd7 53. Rb6 Ke7
54. Rb8 Rdc7 55. Rh8 Kf6 56. Rb8 Rc6 57. Rb6 Rcc7 58. c6 Ra8 59. Ra5 Rca7 60.
Ra1 Rc7 61. d5 exd5+ 62. Kxd5 Kf5 63. Rb7 Rd8+ 64. Kc5 Rcc8 65. Ra4 Rd1 66. c7
Rc1+ 67. Rc4 Ra1 68. a7 Ra8 69. Kc6 Rd1 70. Rb8 Rxa7 71. c8=Q+ Kf6 72. Qf8+ Rf7
73. Qh8+ Kf5 74. Qe5+ Kg4 75. Qe2+ Kxh4 76. Qxd1 Rf6+ 77. Kb5 Rf5+ 78. Kb4 Kg3
79. Qg1+ Kh4 80. Qxg6 Rd5 81. f5+ 1-0

[Event "First Saturday Tournament Budapest FM-B "]
[Site "Budapest"]
[Date "2010.04.07"]
[Round "5.3"]
[White "Arvanitakis, Panagiotis"]
[Black "Csetneki, Mark"]
[Result "1/2-1/2"]
[WhiteElo "1468"]
[BlackElo "1536"]
[PlyCount "101"]
[EventDate "2010.04.03"]

1. d3 c5 2. f4 d5 3. Nf3 Nf6 4. e3 Nc6 5. Be2 g6 6. O-O Bg7 7. a4 O-O 8. Qe1
Qc7 9. Nc3 a6 10. e4 dxe4 11. dxe4 Nb4 12. Bd1 b6 13. Qh4 Bb7 14. e5 Nfd5 15.
Ng5 h6 16. Nf3 Nxc3 17. bxc3 Nd5 18. Ra3 b5 19. Qg4 b4 20. cxb4 cxb4 21. Rd3
Nc3 22. e6 Qb6+ 23. Kh1 Qxe6 24. Qxe6 fxe6 25. Rd7 Bc6 26. Rxe7 Bxa4 27. Bb2
Rf7 28. Rxf7 Kxf7 29. Ne5+ Bxe5 30. fxe5+ Ke7 31. Bxc3 bxc3 32. Bf3 Rd8 33. Be4
g5 34. Bd3 Bb5 35. Bxb5 axb5 36. h3 Rd2 37. Rb1 Rxc2 38. Rxb5 Rc1+ 39. Kh2 c2
40. Rc5 Kf7 41. g3 Kg6 42. g4 Re1 43. Rxc2 Rxe5 44. Rc8 Re2+ 45. Kg3 Re3+ 46.
Kg2 e5 47. Rc6+ Kg7 48. Rc7+ Kf8 49. Rc6 Kg7 50. Rc7+ Kg8 51. Rc6 1/2-1/2

[Event "First Saturday Tournament Budapest FM-B "]
[Site "Budapest"]
[Date "2010.04.08"]
[Round "6.2"]
[White "Arvanitakis, Panagiotis"]
[Black "Toth, Antal"]
[Result "0-1"]
[WhiteElo "1468"]
[BlackElo "1664"]
[PlyCount "52"]
[EventDate "2010.04.03"]

1. d3 c5 2. f4 d5 3. Nf3 Nc6 4. e3 Nf6 5. Be2 e6 6. O-O Be7 7. Qe1 Qc7 8. a4 a6
9. Nc3 O-O 10. e4 d4 11. Nb1 e5 12. fxe5 Nxe5 13. Bf4 Bd6 14. Qh4 Nxf3+ 15.
Rxf3 Bxf4 16. Rxf4 Qe5 17. Qf2 Be6 18. Nd2 b5 19. axb5 axb5 20. Rxa8 Rxa8 21.
Nb3 Bxb3 22. cxb3 Ra1+ 23. Bf1 Qe6 24. h3 h6 25. Qg3 Nh5 26. Qh4 Nxf4 0-1

[Event "First Saturday Tournament Budapest FM-B "]
[Site "Budapest"]
[Date "2010.04.08"]
[Round "6.3"]
[White "Juhasz, Armin"]
[Black "Pataki, Zemplen"]
[Result "1-0"]
[WhiteElo "1877"]
[BlackElo "1749"]
[PlyCount "61"]
[EventDate "2010.04.03"]

1. d4 Nf6 2. c4 e6 3. Nf3 b6 4. g3 Bb7 5. Bg2 Be7 6. O-O O-O 7. Nc3 Ne4 8. Qc2
Nxc3 9. Qxc3 f5 10. b3 Bf6 11. Bb2 a5 12. Nd2 Bxg2 13. Kxg2 Nc6 14. Nf3 Qe8 15.
Qd2 d6 16. d5 Bxb2 17. Qxb2 exd5 18. cxd5 Nb4 19. Rfd1 Qe4 20. Rd4 Qc2 21. Rb1
Rae8 22. Qxc2 Nxc2 23. Rd2 Na3 24. Rc1 Re7 25. Nd4 Rc8 26. Nxf5 Rd7 27. Nd4 b5
28. Rd3 b4 29. f4 Re7 30. Kf3 Rb8 31. Nc6 1-0

[Event "First Saturday Tournament Budapest FM-B "]
[Site "Budapest"]
[Date "2010.04.09"]
[Round "7.2"]
[White "Pataki, Zemplen"]
[Black "Arvanitakis, Panagiotis"]
[Result "1-0"]
[WhiteElo "1749"]
[BlackElo "1468"]
[PlyCount "75"]
[EventDate "2010.04.03"]

1. e4 d5 2. exd5 Nf6 3. d4 Nxd5 4. Nf3 g6 5. Be2 Bg7 6. O-O O-O 7. h3 Nb6 8.
Bg5 Be6 9. c3 h6 10. Bf4 N8d7 11. Qd2 g5 12. Bh2 c5 13. Na3 cxd4 14. Nxd4 Bd5
15. Nf5 e5 16. Nxg7 Kxg7 17. Nc2 f5 18. a4 a5 19. Ne3 Be6 20. Qd6 Qf6 21. Rfd1
Bb3 22. Rd3 Rf7 23. Bh5 Rff8 24. Qc7 Qc6 25. Bxe5+ Kh7 26. Bf3 Qxc7 27. Bxc7
Nc5 28. Rd2 Nbxa4 29. Bd1 Rf7 30. Bd6 Bxd1 31. Raxd1 Ne4 32. Re2 Rd8 33. Ba3
Rfd7 34. Rxd7+ Rxd7 35. Nxf5 Rd1+ 36. Kh2 Nac5 37. f3 Rd2 38. Rxd2 1-0

[Event "First Saturday Tournament Budapest FM-B "]
[Site "Budapest"]
[Date "2010.04.09"]
[Round "7.3"]
[White "Toth, Antal"]
[Black "Csetneki, Mark"]
[Result "1-0"]
[WhiteElo "1664"]
[BlackElo "1536"]
[PlyCount "55"]
[EventDate "2010.04.03"]

1. e4 c5 2. Nf3 e6 3. d4 cxd4 4. Nxd4 a6 5. Nc3 Qc7 6. Be3 Nf6 7. Be2 Be7 8.
O-O O-O 9. Qd2 b5 10. a3 Bb7 11. f3 d6 12. Bd3 Nbd7 13. Qf2 Nc5 14. Rac1 Rac8
15. Be2 Qb8 16. Na2 Na4 17. Rb1 Rfd8 18. c3 d5 19. Bd3 dxe4 20. fxe4 e5 21. Nf5
Bf8 22. Bc2 Nxe4 23. Qh4 Nf6 24. Qg5 Kh8 25. Bb3 Rd7 26. Ng3 h6 27. Qh4 Kg8 28.
Rxf6 1-0

[Event "First Saturday Tournament Budapest FM-B "]
[Site "Budapest"]
[Date "2010.04.10"]
[Round "8.2"]
[White "Csetneki, Mark"]
[Black "Pataki, Zemplen"]
[Result "1/2-1/2"]
[WhiteElo "1536"]
[BlackElo "1749"]
[PlyCount "88"]
[EventDate "2010.04.03"]

1. e4 c5 2. Nc3 e6 3. Nf3 Nc6 4. d4 cxd4 5. Nxd4 Nf6 6. a3 a6 7. Be3 Be7 8. Be2
Qc7 9. O-O b5 10. Kh1 Bb7 11. f4 d6 12. Bf3 Na5 13. Qc1 Rc8 14. f5 e5 15. Nde2
Nc4 16. Bg1 Nb6 17. Qe3 Nc4 18. Qc1 h6 19. b3 Nb6 20. Rd1 Nh7 21. Bg4 Ng5 22.
f6 Bxf6 23. Bxc8 Bxc8 24. Bxb6 Qxb6 25. Nd5 Qd8 26. Qe3 Ne6 27. Nxf6+ gxf6 28.
Rac1 Bb7 29. c4 Nc5 30. cxb5 Nxe4 31. bxa6 Ba8 32. Ng3 Nxg3+ 33. Qxg3 Ke7 34.
Qe3 Rg8 35. Rd2 Qa5 36. Qa7+ Ke6 37. Rcd1 d5 38. b4 Qb5 39. h3 d4 40. Kh2 Qc6
41. Rg1 Rc8 42. Re1 Rg8 43. Rg1 Rc8 44. Re1 Rg8 1/2-1/2

[Event "First Saturday Tournament Budapest FM-B "]
[Site "Budapest"]
[Date "2010.04.12"]
[Round "9.2"]
[White "Juhasz, Armin"]
[Black "Csetneki, Mark"]
[Result "1-0"]
[WhiteElo "1877"]
[BlackElo "1536"]
[PlyCount "63"]
[EventDate "2010.04.03"]

1. d4 Nf6 2. c4 e6 3. Nc3 d5 4. cxd5 exd5 5. Bg5 Be7 6. e3 c6 7. Bd3 h6 8. Bh4
O-O 9. Qc2 Be6 10. Nf3 Nbd7 11. O-O Re8 12. Rab1 Rc8 13. b4 a6 14. Na4 b5 15.
Nc5 Nxc5 16. dxc5 Ra8 17. Nd4 Qd7 18. Ra1 a5 19. a3 Ra7 20. Ra2 Ra6 21. Rfa1 a4
22. Re1 Bd8 23. f3 Kh8 24. Kf1 Ng4 25. Bxd8 Nxh2+ 26. Kg1 Qxd8 27. g3 Nxf3+ 28.
Nxf3 Qf6 29. Qf2 Raa8 30. Nd4 Qxf2+ 31. Rxf2 Rac8 32. Nxc6 1-0

[Event "First Saturday Tournament Budapest FM-B "]
[Site "Budapest"]
[Date "2010.04.13"]
[Round "10.2"]
[White "Toth, Antal"]
[Black "Juhasz, Armin"]
[Result "0-1"]
[WhiteElo "1664"]
[BlackElo "1877"]
[PlyCount "90"]
[EventDate "2010.04.03"]

1. e4 c5 2. Nf3 Nc6 3. d4 cxd4 4. Nxd4 g6 5. Nxc6 bxc6 6. Qd4 Nf6 7. e5 Nd5 8.
c4 Nc7 9. Nc3 Bg7 10. Qe4 Bb7 11. Be2 O-O 12. O-O d5 13. cxd5 cxd5 14. Qb4 Rb8
15. Qa5 Bxe5 16. Qxa7 Qd6 17. f4 Bg7 18. Bf3 Ne6 19. Qa4 Bc6 20. Qd1 Nd4 21.
Bg4 f5 22. Be2 Nxe2+ 23. Nxe2 Bxb2 24. Bxb2 Rxb2 25. Nd4 Ra8 26. Nxc6 Qxc6 27.
a4 Rb4 28. Rc1 Rc4 29. Rb1 Rcxa4 30. Qf3 Qc5+ 31. Kh1 Ra3 32. Qe2 Re3 33. Qd2
d4 34. Rbd1 Ra4 35. Rb1 Ra8 36. Rbd1 Re4 37. Rc1 Qd6 38. g3 Kg7 39. Kg2 Qd5 40.
Kh3 h5 41. Rf2 h4 42. g4 Re3+ 43. Kxh4 Rh8+ 44. Kg5 fxg4+ 45. Kxg4 Qf5# 0-1